书目信息 |
| 题名: |
环境管理
|
|
| 作者: | 甘小荣 , 刘宝军 , 王新波 , 牟金成 编著 | |
| 分册: | ||
| 出版信息: | 北京 化学工业出版社 2024.08 |
|
| 页数: | 230页 | |
| 开本: | 24cm | |
| 丛书名: | ||
| 单 册: | ||
| 中图分类: | X32 | |
| 科图分类: | ||
| 主题词: | 环境管理--huan jing guan li--工程管理 | |
| 电子资源: | ||
| ISBN: | 978-7-122-44937-5 | |
| 000 | 01109nam0 2200301 450 | |
| 001 | 89615 | |
| 005 | 20250814171846.86 | |
| 010 | @a978-7-122-44937-5@dCNY88.00 | |
| 099 | @aCAL 012024079521 | |
| 100 | @a20240731d2024 em y0chiy50 ea | |
| 101 | 0 | @achi |
| 102 | @aCN@b110000 | |
| 105 | @aak a 000yy | |
| 106 | @ar | |
| 200 | 1 | @a环境管理@Ahuan jing guan li@f甘小荣 ... [等] 编著 |
| 210 | @a北京@c化学工业出版社@d2024.08 | |
| 215 | @a230页@c图@d24cm | |
| 304 | @a题名页题其余责任者: 刘宝军, 王新波, 牟金成 | |
| 320 | @a有书目 | |
| 330 | @a本书在对环境管理体系与风险评、环境工程管理的理论基础、环境管理的政策和制度、环境质量评和规划等基础理论进行介绍的基础上, 重点对水环境管理、土壤环境管理、大气环境管理和固体废物环境管理进行了具体论述。通过理论知识与工作实际相结合, 更具针对性。 | |
| 606 | 0 | @a环境管理@Ahuan jing guan li@x工程管理 |
| 690 | @aX32@v5 | |
| 701 | 0 | @a甘小荣@Agan xiao rong@4编著 |
| 701 | 0 | @a刘宝军@Aliu bao jun@4编著 |
| 701 | 0 | @a王新波@Awang xin bo@4编著 |
| 701 | 0 | @a牟金成@Amou jin cheng@4编著 |
| 801 | 0 | @aCN@c20250909 |
| 905 | @a河南城建学院图书馆@dX32@eG064@f1 | |
| 环境管理/甘小荣 ... [等] 编著.-北京:化学工业出版社,2024.08 |
| 230页:图;24cm |
| ISBN 978-7-122-44937-5:CNY88.00 |
| 本书在对环境管理体系与风险评、环境工程管理的理论基础、环境管理的政策和制度、环境质量评和规划等基础理论进行介绍的基础上, 重点对水环境管理、土壤环境管理、大气环境管理和固体废物环境管理进行了具体论述。通过理论知识与工作实际相结合, 更具针对性。 |
| ● |
| 相关链接 |
|
|
|
正题名:环境管理
索取号:X32/G064
 
预约/预借
| 序号 | 登录号 | 条形码 | 馆藏地/架位号 | 状态 | 备注 |
| 1 | 1623577 | 216235777 | 自科库501/501自科库 65排5列4层/ [索取号:X32/G064] | 在馆 |